| 000 | 04437nam a22005657a 4500 | ||
|---|---|---|---|
| 001 | DVD-007558-566 | ||
| 005 | 20110819122149.0 | ||
| 006 | a|||||r|||||00| 0 | ||
| 007 | vc cvaizu | ||
| 008 | 100929s2010 ii 180 g vlhin | ||
| 010 | _aDVD-007558-566 | ||
| 024 |
_aDVD E-1623 _c299.00 |
||
| 035 | _aDVD-007558-566 | ||
| 040 |
_aDLC _cDLC _dDLC _eamim |
||
| 082 | _aDVD KART | ||
| 245 | 0 | 0 |
_aKarthik calling Karthik / _cexcel Entertainment presents ; produced by Ritesh Sidhwani & Farhan Akhtar ; written & directed by Vijay Lalwani. |
| 257 | _aIndia. | ||
| 260 |
_aMumbai : _bEros International Media, _c2010. |
||
| 300 |
_a2 videodiscs of 2 (DVD) (ca. 180 min.) : _bsd., col. ; _c4 3/4 in. _3viewing copy. |
||
| 500 | _aCopyright notice on disc: Eros International Media Ltd., India. | ||
| 500 | _aDiscs 1-2 together in one disc. | ||
| 500 | _aOriginally released theatrically in 2010. | ||
| 500 | _aSummary taken from IMDb.com. | ||
| 505 | 0 | _aDisc 1. The movie (ca. 135 min.) -- disc 2. Bonus disc (ca. 45 min.) | |
| 508 | _aMusic, Shankar-Ehsaan-Loy ; lyrics, Javed Akhtar ; directory of photography, Sanu Barughese ; | ||
| 511 | 1 | _aFarhan Akhtar, Deepika Padukone, Ram Kapoor, Vivan Bhatena, Vipin Sharma, Shefali Shetty, Siddhartha Gupta. | |
| 520 | _aKarthik Narayan is a much abused employee with ACL Construction, secretly in love with Shonali Mukherjee, who has been going steady with yet another co-worker, Ashish. After purchasing a new telephone, Karthik gets a call from a male voice that resembles his, who instructs him to follow directions; tell no one about this phone call, and he will achieve success. He follows these instructions, is soon promoted, as well as befriends Shonali, and continues following instructions from this caller. After Shonali makes it clear that she loves him, he breaks his promise, and is urged to seek counseling by her. He reluctantly does so with a pyschiatrist, Dr. Shweta Kapadia, who hopes to cure him by visiting him early morning in his flat - not realizing the shock and trauma that await the duo. | ||
| 538 | _aFormat dual layer, genre comedy/thiller, subtitle in English | ||
| 546 | _aIn Hindi with English subtitles. | ||
| 650 | 0 |
_aTelephone calls _vDrama. _933181 |
|
| 650 | 0 |
_aMotion picture _933182 |
|
| 650 | 0 |
_aLove _xPsychological aspects _vDrama. _933183 |
|
| 700 | 1 |
_aLalwani, Vijay, _edirection, _ewriting. _933184 |
|
| 700 | 1 |
_aSidhwani, Ritesh, _eproduction. _933185 |
|
| 700 | 1 |
_aAkhtar, Farhan, _d1974- _eproduction. _933186 |
|
| 710 | 2 |
_aShankar Ehsaan Loy (Musical group) _933187 |
|
| 710 | 2 |
_aEros International (Firm) _933188 |
|
| 942 |
_2ddc _cEN _hDVD _mKART |
||
| 999 |
_c55691 _d55691 |
||